| 000 | 00000nam 2200000za 4500 |
| 001 | 9.837824 |
| 003 | CaOODSP |
| 005 | 20240419111628 |
| 007 | cr ||||||||||| |
| 008 | 170606s2017 onc a ob f000 0 eng d |
| 040 | |aCaOODSP|beng |
| 043 | |an-cn--- |
| 086 | 1 |aYN5-119/2017E-PDF |
| 245 | 04|aThe Canada-EU Comprehensive Economic and Trade Agreement |h[electronic resource] : |ba prospective analysis. |
| 260 | |aOttawa : |bOffice of the Parliamentary Budget Officer, |c2017. |
| 300 | |a44 p. |
| 500 | |aIssued also in French under title: L'Accord économique et commercial global entre le Canada et l'UE : analyse prospective. |
| 500 | |aCover title. |
| 500 | |a"2 May 2017.” |
| 504 | |aIncludes bibliographical references (p. 41). |
| 520 | |a"This report provides estimates of the impacts of the recently signed Comprehensive Economic and Trade Agreement with the European Union which has been tabled as Bill C-30 for implementation in Canada. It outlines the effects at a sectoral level, as well as on an aggregate basis for the whole economy.”--Verso of cover. |
| 692 | 07|2gccst|aInternational trade |
| 692 | 07|2gccst|aInternational agreements |
| 700 | 1 |aBagnoli, Philip. |
| 700 | 1 |aGeorgieva, Vania. |
| 700 | 1 |aMacDonald, Duncan S.,|d1984- |
| 710 | 1 |aCanada. |bOffice of the Parliamentary Budget Officer. |
| 775 | 08|tL'Accord économique et commercial global entre le Canada et l'UE |w(CaOODSP)9.837835 |
| 856 | 40|qPDF|s683 KB|uhttps://publications.gc.ca/collections/collection_2017/dpb-pbo/YN5-119-2017-eng.pdf |